[Event "Roberto Grela in memorian"]
[Site "SchemingMind.com"]
[Date "2007.05.16"]
[Round "-"]
[White "martin_"]
[Black "Tahur"]
[Result "0-1"]
[WhiteCountry "GER"]
[BlackCountry "ARG"]
[WhiteElo "1297"]
[WhiteRD "56"]
[BlackElo "1763"]
[BlackRD "54"]
[GameID "105552"]

1. d4 d5 2. c4 dxc4 3. Nc3 Nf6 4. e4 Nc6 5. Nf3 Bg4 6. Be3 e6 7. Bxc4 a6 8. O-O b5 9. Bb3 h6 10. d5 exd5
11. exd5 Bxf3 12. Qxf3 Ne5 13. Qf5 Bd6 14. Rfe1 O-O 15. Bf4 Nfd7 16. Bxe5 Bxe5 17. Rxe5 Nxe5 18. Qxe5 f6 19. Qf5 Qe7 20. h3 Rfe8
21. d6+ Qf7 22. Bxf7+ Kxf7 23. Qd7+ Kf8 24. dxc7 b4 25. Nd5 a5 26. Nb6 Ra7 27. Qxe8+ Kxe8 28. c8=Q+ Kf7 29. Rd1 a4
0-1

[Event "Roberto Grela in memorian"]
[Site "SchemingMind.com"]
[Date "2007.05.16"]
[Round "-"]
[White "Tahur"]
[Black "martin_"]
[Result "1-0"]
[WhiteCountry "ARG"]
[BlackCountry "GER"]
[WhiteElo "1763"]
[WhiteRD "54"]
[BlackElo "1297"]
[BlackRD "56"]
[GameID "105553"]

1. e4 c5 2. Nc3 Nc6 3. Bb5 d6 4. Bxc6+ bxc6 5. Nf3 Nf6 6. d3 e5 7. h3 Be7 8. O-O O-O 9. b3 Be6 10. a4 Qc7
11. Bd2 d5 12. g4 d4 13. Ne2 Rfd8 14. c3 Rab8 15. Rb1 a5 16. c4 h6 17. Nh4 g5 18. Ng2 Qc8 19. f3 Nd7 20. Bxa5 Re8
21. Kh2 Rb7 22. Bd2 Nb8 23. a5 Na6 24. Ra1 Nb4 25. a6 Ra7 26. Ra4 Nxd3 27. Qa1
1-0

[Event "Roberto Grela in memorian"]
[Site "SchemingMind.com"]
[Date "2007.05.16"]
[Round "-"]
[White "Bacon"]
[Black "Tahur"]
[Result "0-1"]
[WhiteCountry "BER"]
[BlackCountry "ARG"]
[WhiteElo "1015"]
[WhiteRD "83"]
[BlackElo "1529"]
[BlackRD "57"]
[GameID "105556"]

1. d4 d5 2. Nc3 Nf6 3. Nf3 Nc6 4. e3 Bf5 5. Bd3 Bxd3 6. Qxd3 e6 7. O-O Bb4 8. Bd2 a6 9. Ng5 h6 10. Nxf7 Kxf7
11. Ne2 Bxd2 12. Qxd2 Ne4 13. Qd3 Nb4 14. Qb3 a5 15. c3 Nd2 16. Rfd1 Nxb3 17. axb3 Nc6 18. h3 b5 19. Rac1 b4 20. c4 dxc4
21. bxc4 a4 22. Rb1 a3 23. bxa3 bxa3 24. d5 exd5 25. Rxd5 Qh4 26. Rd7+ Ke6 27. Rxg7 a2 28. Ra1 Qf6 29. Rxc7 Qxa1+ 30. Kh2 Qe5+
31. g3 Qxc7 32. f4 a1=Q
0-1

[Event "Roberto Grela in memorian"]
[Site "SchemingMind.com"]
[Date "2007.05.16"]
[Round "-"]
[White "Bacon"]
[Black "martin_"]
[Result "1-0"]
[WhiteCountry "BER"]
[BlackCountry "GER"]
[WhiteElo "1158"]
[WhiteRD "88"]
[BlackElo "1297"]
[BlackRD "56"]
[GameID "105557"]

1. e4 c5 2. d4 cxd4 3. Qxd4 Nc6 4. Qd2 e5 5. Bc4 Nf6 6. Nc3 Bb4 7. a3 Bxc3 8. bxc3 O-O 9. Nf3 a6 10. Bd3 b5
11. O-O Re8 12. c4 bxc4 13. Bxc4 h6 14. h3 Bb7 15. Rb1 Qc7 16. Bd5 Rac8 17. Qd3 Nxd5 18. Qxd5 Nd4 19. Rxb7 Qxc2 20. Qxd7 Ne2+
21. Kh2 Rf8 22. Be3 Qxe4 23. Rc7
1-0

[Event "Roberto Grela in memorian"]
[Site "SchemingMind.com"]
[Date "2007.05.16"]
[Round "-"]
[White "Tahur"]
[Black "Bacon"]
[Result "1-0"]
[WhiteCountry "ARG"]
[BlackCountry "BER"]
[WhiteElo "1529"]
[WhiteRD "57"]
[BlackElo "1015"]
[BlackRD "83"]
[GameID "105558"]

1. e4 e5 2. Nf3 d5 3. exd5 Qxd5 4. Nc3 Qe6 5. h3 Nc6 6. Bb5 a6 7. Bxc6+ bxc6 8. O-O Bc5 9. d4 exd4 10. Nxd4 Qd6
11. Be3 Nf6 12. Qd3 O-O 13. Nf5 Qxd3 14. cxd3 Bxf5 15. Bxc5 Bxd3 16. Rfd1 Rad8 17. Bxf8 Kxf8 18. f3 Nh5 19. Na4 Nf4 20. Kf2 Re8
21. Nc5 Rd8 22. Ke3 Nxg2+ 23. Kf2 Nf4 24. b4 Nxh3+ 25. Ke3
1-0

[Event "Roberto Grela in memorian"]
[Site "SchemingMind.com"]
[Date "2007.05.17"]
[Round "-"]
[White "martin_"]
[Black "Bacon"]
[Result "0-1"]
[WhiteCountry "GER"]
[BlackCountry "BER"]
[WhiteElo "1297"]
[WhiteRD "56"]
[BlackElo "1158"]
[BlackRD "88"]
[GameID "105559"]

1. d4 d5 2. c4 Nf6 3. Nc3 Be6 4. Bg5 Qd7 5. e3 h6 6. Bxf6 exf6 7. Nf3 Bb4 8. Qc2 Bxc3+ 9. Qxc3 O-O 10. Be2 Nc6
11. O-O dxc4 12. Bxc4 Bxc4 13. Qxc4 Qe6 14. Qb5 a6 15. Qxb7 Ra7 16. Qb3 Qxb3 17. axb3 Nb4 18. Rfd1 Nc2 19. Rac1 Nb4 20. e4 Na2
21. Rc6 Nb4 22. Rc4 a5 23. d5 Rc8
0-1

[Event "Roberto Grela in memorian"]
[Site "SchemingMind.com"]
[Date "2007.05.16"]
[Round "-"]
[White "mart_r3000"]
[Black "Tahur"]
[Result "0-1"]
[WhiteCountry "ENG"]
[BlackCountry "ARG"]
[WhiteElo "1338"]
[WhiteRD "52"]
[BlackElo "1529"]
[BlackRD "57"]
[GameID "105572"]

1. e4 e5 2. Nf3 Nc6 3. Bb5 a6 4. Ba4 Nf6 5. d3 b5 6. Bb3 h6 7. O-O Be7 8. c4 bxc4 9. Bxc4 d5 10. exd5 Nxd5
11. Re1 Bf6 12. d4 Qd6 13. Qa4 Bd7 14. Na3 Nxd4 15. Qa5 Nxf3+ 16. gxf3 Bc6 17. b3 O-O 18. Rd1 Rfd8 19. Be3 e4 20. fxe4 Bxa1
21. Bc5 Qg6+ 22. Kh1 Bc3 23. b4 Nf4 24. Rg1 Rd1
0-1

[Event "Roberto Grela in memorian"]
[Site "SchemingMind.com"]
[Date "2007.05.16"]
[Round "-"]
[White "mart_r3000"]
[Black "Bacon"]
[Result "1-0"]
[WhiteCountry "ENG"]
[BlackCountry "BER"]
[WhiteElo "1338"]
[WhiteRD "52"]
[BlackElo "1015"]
[BlackRD "83"]
[GameID "105573"]

1. e4 e5 2. Nf3 Nc6 3. Bb5 Bd6 4. d3 a6 5. Bc4 b5 6. Bd5 Bb7 7. Ng5 Qf6 8. c3 Nh6 9. O-O O-O 10. h4 g6
11. h5 gxh5 12. Qxh5 Qg6 13. Qh4 Rae8 14. f4 Kg7 15. f5 Nxf5 16. exf5 Qf6 17. Qxh7#
1-0

[Event "Roberto Grela in memorian"]
[Site "SchemingMind.com"]
[Date "2007.05.16"]
[Round "-"]
[White "mart_r3000"]
[Black "martin_"]
[Result "0-1"]
[WhiteCountry "ENG"]
[BlackCountry "GER"]
[WhiteElo "1252"]
[WhiteRD "79"]
[BlackElo "1276"]
[BlackRD "70"]
[GameID "105574"]

1. e4 c5 2. Nf3 d6 3. Bb5+ Nc6 4. c3 e5 5. O-O Nf6 6. d3 Be7 7. c4 O-O 8. Be3 Bg4 9. h3 Be6 10. Bg5 Nb4
11. Nh4 a6 12. Ba4 h6 13. Bxh6 gxh6 14. Nc3 Qb6 15. Qf3 Nxd3
0-1

[Event "Roberto Grela in memorian"]
[Site "SchemingMind.com"]
[Date "2007.05.16"]
[Round "-"]
[White "Tahur"]
[Black "mart_r3000"]
[Result "1-0"]
[WhiteCountry "ARG"]
[BlackCountry "ENG"]
[WhiteElo "1529"]
[WhiteRD "57"]
[BlackElo "1338"]
[BlackRD "52"]
[GameID "105575"]

1. e4 e5 2. Nf3 Nc6 3. Bc4 Nf6 4. Nc3 Bc5 5. d3 h6 6. h3 Nb4 7. a3 Nc6 8. Bb5 O-O 9. Bxc6 dxc6 10. Nxe5 Re8
11. Nf3 b5 12. b4 Bb6 13. O-O Nh5 14. Bd2 Ng3 15. Re1 Re6 16. d4 Bb7 17. fxg3 Rg6 18. g4 f6 19. Be3 a5 20. Kh1 Qd6
21. Nh4 Rxg4 22. Qxg4 g5 23. Nf5 Qd7 24. Nxh6+ Kh7 25. Qxd7+ Kxh6 26. Qf7 Rh8 27. Qxf6+ Kh7 28. Bxg5 Kg8 29. Rf1
1-0

[Event "Roberto Grela in memorian"]
[Site "SchemingMind.com"]
[Date "2007.05.16"]
[Round "-"]
[White "Bacon"]
[Black "mart_r3000"]
[Result "0-1"]
[WhiteCountry "BER"]
[BlackCountry "ENG"]
[WhiteElo "1015"]
[WhiteRD "83"]
[BlackElo "1338"]
[BlackRD "52"]
[GameID "105576"]

1. e4 c5 2. d4 cxd4 3. Qxd4 Nc6 4. Qc3 e6 5. Nf3 Bb4 6. Bg5 f6 7. Bd2 Bxc3 8. Nxc3 a6 9. Bc4 Qe7 10. O-O b5
11. Bb3 g5 12. h3 Bb7 13. a4 b4 14. Na2 a5 15. c3 Ba6 16. c4 O-O-O 17. Rfd1 f5 18. Bxg5 Nf6 19. Nd4 Ne5 20. c5 fxe4
21. Nb5 Kb7 22. Nd6+ Kc6 23. Bxf6 Qxf6 24. Nxe4 Nf3+ 25. Kh1 Qf4 26. g3 Qxe4 27. Rd6+ Kxc5 28. Rxa6 Nh4+ 29. Kg1 Qg2#
0-1

[Event "Roberto Grela in memorian"]
[Site "SchemingMind.com"]
[Date "2007.05.17"]
[Round "-"]
[White "martin_"]
[Black "mart_r3000"]
[Result "1-0"]
[WhiteCountry "GER"]
[BlackCountry "ENG"]
[WhiteElo "1276"]
[WhiteRD "70"]
[BlackElo "1252"]
[BlackRD "79"]
[GameID "105577"]

1. d4 f5 2. c4 d5 3. e3 Nf6 4. Nc3 dxc4 5. Bxc4 a6 6. Nf3 h6 7. O-O b5 8. Bb3 Nc6 9. d5 Nb4 10. Re1 Bb7
11. Ne5 h5 12. Nf7 Qd7 13. Nxh8 Ng4 14. d6 Qxd6 15. Qxd6
1-0

[Event "Roberto Grela in memorian"]
[Site "SchemingMind.com"]
[Date "2007.05.17"]
[Round "-"]
[White "alejandra"]
[Black "mart_r3000"]
[Result "1-0"]
[WhiteCountry "ARG"]
[BlackCountry "ENG"]
[WhiteElo "1272"]
[WhiteRD "77"]
[BlackElo "1278"]
[BlackRD "60"]
[GameID "105594"]

1. e4 e5 2. Nf3 Bd6 3. Bc4 Nh6 4. d3 Bc5 5. Be3 Bb4+ 6. c3 Ba5 7. Bg5 f6 8. Nxe5 fxg5 9. Qh5+ g6 10. Qxh6 Qf6
11. d4 b6 12. O-O
1-0

[Event "Roberto Grela in memorian"]
[Site "SchemingMind.com"]
[Date "2007.05.17"]
[Round "-"]
[White "alejandra"]
[Black "Tahur"]
[Result "0-1"]
[WhiteCountry "ARG"]
[BlackCountry "ARG"]
[WhiteElo "1272"]
[WhiteRD "77"]
[BlackElo "1610"]
[BlackRD "59"]
[GameID "105595"]

1. e4 e5 2. Nf3 Nc6 3. Bc4 h6 4. Nc3 Nf6 5. d3 Bb4 6. O-O d6 7. Be3 Bxc3 8. bxc3 O-O 9. d4 Nxe4 10. Rb1 Nxc3
11. Qd3 Nxb1 12. Rxb1 a6 13. Re1 Bg4 14. Qb3 Na5 15. Qa4 b5 16. Qxa5 bxc4 17. Qb4 Bxf3 18. gxf3 exd4 19. Bxd4 d5 20. Qd2 c6
21. Qf4 f6 22. Kf1 Re8 23. Rd1 Rc8 24. Kg2 c5 25. Rh1 cxd4 26. Rg1 d3 27. Kh1 Qc7 28. Qxf6 Kh7 29. Qg6+ Kg8 30. Qxh6 dxc2
31. Qh5 Qf7 32. Qh4 Qxf3+ 33. Rg2 Re1#
0-1

[Event "Roberto Grela in memorian"]
[Site "SchemingMind.com"]
[Date "2007.05.17"]
[Round "-"]
[White "alejandra"]
[Black "Bacon"]
[Result "1-0"]
[WhiteCountry "ARG"]
[BlackCountry "BER"]
[WhiteElo "1272"]
[WhiteRD "77"]
[BlackElo "1095"]
[BlackRD "85"]
[GameID "105596"]

1. d4 d5 2. Nc3 Nf6 3. Bf4 Bf5 4. e3 Nc6 5. Bb5 a6 6. Bd3 b5 7. Bxf5 e6 8. Bd3 b4 9. Na4 Bd6 10. Nf3 O-O
11. O-O Ng4 12. Bg5 f6 13. Bh4 g5 14. Nxg5 fxg5 15. Qxg4 h5 16. Qxe6+ Rf7 17. Qg6+ Rg7 18. Qxh5 gxh4 19. f4 a5 20. Rf3 Ne7
21. g3 Nc6 22. Kf1 Qf6 23. Qxh4 Qxh4 24. gxh4 Kh8 25. Rg3 Rag8 26. Rg5 Be7 27. Rh5+ Rh7 28. Bxh7 Rg4 29. Kf2 Bxh4+ 30. Kf3 Rg7
31. Bf5+ Kg8 32. Rxh4 Ne7 33. Be6+ Kf8 34. Nc5 Ng6 35. Rh5 c6 36. Rg1 Nh4+ 37. Kf2 Rxg1 38. Kxg1 Nf3+ 39. Kf2 Nd2 40. Rh8+ Kg7
41. Rg8+ Kf6 42. h4 Ke7 43. h5 Kd6 44. f5 Kc7 45. h6 Kb6 46. Rb8+ Kc7 47. Rb7+ Kd8 48. h7
1-0

[Event "Roberto Grela in memorian"]
[Site "SchemingMind.com"]
[Date "2007.05.18"]
[Round "-"]
[White "alejandra"]
[Black "martin_"]
[Result "1-0"]
[WhiteCountry "ARG"]
[BlackCountry "GER"]
[WhiteElo "1161"]
[WhiteRD "90"]
[BlackElo "1276"]
[BlackRD "83"]
[GameID "105597"]

1. e4 e5 2. Bc4 Nf6 3. d3 Bc5 4. Nf3 O-O 5. Nxe5 d6 6. Nf3 Nc6 7. Bg5 Bg4 8. Nc3 Nd4 9. Qd2 Bxf3 10. Qf4 Nxc2+
11. Kd2 Nxa1 12. gxf3 Bxf2 13. Rxa1
1-0

[Event "Roberto Grela in memorian"]
[Site "SchemingMind.com"]
[Date "2007.05.17"]
[Round "-"]
[White "mart_r3000"]
[Black "alejandra"]
[Result "0-1"]
[WhiteCountry "ENG"]
[BlackCountry "ARG"]
[WhiteElo "1278"]
[WhiteRD "60"]
[BlackElo "1272"]
[BlackRD "77"]
[GameID "105598"]

1. e4 e5 2. Nf3 d6 3. d4 Nc6 4. Be3 Nf6 5. d5 Nb4 6. a3 c5 7. axb4 cxb4 8. c3 Nxe4 9. Qa4+ Bd7 10. Qxb4 Bf5
11. Bb5+ Bd7 12. Bxd7+ Qxd7
0-1

[Event "Roberto Grela in memorian"]
[Site "SchemingMind.com"]
[Date "2007.05.17"]
[Round "-"]
[White "Tahur"]
[Black "alejandra"]
[Result "1-0"]
[WhiteCountry "ARG"]
[BlackCountry "ARG"]
[WhiteElo "1610"]
[WhiteRD "59"]
[BlackElo "1272"]
[BlackRD "77"]
[GameID "105599"]

1. e4 e5 2. Nf3 Nc6 3. Bc4 Bc5 4. d3 h6 5. Nc3 Nf6 6. O-O d6 7. a3 Ng4 8. h3 h5 9. hxg4 hxg4 10. Ng5 Qf6
11. Bxf7+ Kd8 12. Nd5 Qh6 13. Ne6+ Bxe6 14. Bxh6 Bxf7 15. Bxg7 Rh7 16. Bf6+ Kd7 17. Bg5 g3 18. Be3 Rah8 19. Nf6+ Ke7 20. Nxh7 Rxh7
21. Bxc5 dxc5 22. Qf3 Nd4 23. Qg4 Be6 24. Qg5+ Kd7 25. Qd2 Nc6 26. c3 Ne7 27. b4 Ng8 28. f4 Nf6 29. f5 Bf7 30. bxc5 Nh5
31. d4 Nf4 32. dxe5+ Ke7 33. Qxf4 Bc4 34. f6+ Kf7 35. Rfd1 a5 36. Rd7+ Ke6 37. Qf5#
1-0

[Event "Roberto Grela in memorian"]
[Site "SchemingMind.com"]
[Date "2007.05.17"]
[Round "-"]
[White "Bacon"]
[Black "alejandra"]
[Result "0-1"]
[WhiteCountry "BER"]
[BlackCountry "ARG"]
[WhiteElo "1057"]
[WhiteRD "84"]
[BlackElo "1279"]
[BlackRD "87"]
[GameID "105600"]

1. e4 e5 2. d4 exd4 3. Nf3 Nc6 4. Nxd4 Nxd4 5. Qxd4 Nf6 6. Bg5 d6 7. Bc4 c6 8. O-O Bg4 9. h3 h6 10. Bxf6 gxf6
11. hxg4 Qd7 12. Nc3 Qxg4 13. f3 Qg3 14. f4 Rg8 15. Qf2 Qh3 16. f5 O-O-O 17. Ne2 d5 18. Nf4 Qg4 19. Qxa7 Bd6 20. e5 Bxe5
21. Be2 Qh4 22. Qa8+ Kd7 23. Qxb7+ Ke8 24. Qxc6+ Kf8 25. Nxd5 Qh2+ 26. Kf2 Qg3+ 27. Kg1 Qxg2#
0-1

[Event "Roberto Grela in memorian"]
[Site "SchemingMind.com"]
[Date "2007.05.17"]
[Round "-"]
[White "martin_"]
[Black "alejandra"]
[Result "1-0"]
[WhiteCountry "GER"]
[BlackCountry "ARG"]
[WhiteElo "1442"]
[WhiteRD "61"]
[BlackElo "1272"]
[BlackRD "77"]
[GameID "105601"]

1. d4 d5 2. c4 dxc4 3. Nc3 Nc6 4. Nf3 Bf5 5. e4 Be6 6. d5 Bd7 7. dxc6 bxc6 8. Bxc4 Nf6 9. O-O Bg4 10. Ne5 Bxd1
11. Bxf7#
1-0

[Event "Roberto Grela in memorian"]
[Site "SchemingMind.com"]
[Date "2007.05.19"]
[Round "-"]
[White "shakazulu"]
[Black "mart_r3000"]
[Result "0-1"]
[WhiteCountry "ESP"]
[BlackCountry "ENG"]
[WhiteElo "1303"]
[WhiteRD "95"]
[BlackElo "1357"]
[BlackRD "58"]
[GameID "105652"]

1. Nf3 d5 2. d4 c5 3. e3 Nf6 4. b3 Ne4 5. c4 Qa5+ 6. Bd2 Nxd2 7. Nfxd2 e6 8. Bd3 Nc6 9. O-O cxd4 10. a3 Nb4
11. Be2 dxc4 12. bxc4 Nc6 13. Nb3 Qe5 14. exd4 Qf4 15. Nc3 Bd6 16. g3 Qg5 17. Nb5 Bb8 18. Re1 O-O 19. d5 exd5 20. cxd5 Ne7
21. d6 Nd5 22. Bf3 Nf4 23. d7 Bxd7 24. Bxb7 Be5 25. Rc1 Nh3+ 26. Kg2 Rad8 27. f4 Bxf4 28. Qf3 Qxb5 29. Rc5 Ng5 30. Qe2 Qxb7+
31. Kf1 Qh1+ 32. Kf2 Nh3#
0-1

[Event "Roberto Grela in memorian"]
[Site "SchemingMind.com"]
[Date "2007.05.19"]
[Round "-"]
[White "shakazulu"]
[Black "Tahur"]
[Result "0-1"]
[WhiteCountry "ESP"]
[BlackCountry "ARG"]
[WhiteElo "1372"]
[WhiteRD "109"]
[BlackElo "1529"]
[BlackRD "57"]
[GameID "105653"]

1. Nf3 d5 2. d4 Nc6 3. b3 Bg4 4. Bb2 Bxf3 5. exf3 e6 6. Bb5 Ne7 7. Nc3 a6 8. Bxc6+ Nxc6 9. f4 Qf6 10. O-O Qxf4
11. Ne2 Qg5 12. c4 Bd6 13. Rb1 Qh5 14. h3 g5 15. c5 Be7 16. a3 b6 17. b4 bxc5 18. bxc5 Rg8 19. Bc1 g4 20. Rb3 gxh3
21. Nf4 Qg5 22. g3 Bf6 23. Nxh3 Qf5 24. Kg2 Nxd4 25. Rd3 e5 26. f3 Qg6 27. Re1 Qxg3+ 28. Kf1 Qg2#
0-1

[Event "Roberto Grela in memorian"]
[Site "SchemingMind.com"]
[Date "2007.05.22"]
[Round "-"]
[White "shakazulu"]
[Black "alejandra"]
[Result "1-0"]
[WhiteCountry "ESP"]
[BlackCountry "ARG"]
[WhiteElo "1367"]
[WhiteRD "87"]
[BlackElo "1272"]
[BlackRD "77"]
[GameID "105654"]

1. Nf3 Nc6 2. Nc3 e5 3. g3 d6 4. Bg2 Nf6 5. d3 d5 6. Bg5 Bc5 7. e3 Bf5 8. O-O Qd7 9. Bxf6 gxf6 10. a3 Rg8
11. Re1 O-O-O 12. b4 Bd6 13. Qb1 Rg7 14. Nxd5 Rdg8 15. e4 Bh3 16. Ne3 Nd4 17. c3 Rg6 18. cxd4 Rh6 19. Qc1 exd4 20. Nd5 Bxg2
21. Qxh6 Bh3 22. Nxf6 Qd8 23. Nxg8 Qxg8 24. Qxh3+ Kb8 25. Nxd4 a6 26. Rac1 Be5 27. b5 Bxd4 28. Qd7 b6 29. Qxc7+ Ka8 30. bxa6 Qxg3+
31. hxg3 Bc3 32. Qb7#
1-0

[Event "Roberto Grela in memorian"]
[Site "SchemingMind.com"]
[Date "2007.05.19"]
[Round "-"]
[White "shakazulu"]
[Black "Bacon"]
[Result "1-0"]
[WhiteCountry "ESP"]
[BlackCountry "BER"]
[WhiteElo "1372"]
[WhiteRD "109"]
[BlackElo "1015"]
[BlackRD "83"]
[GameID "105655"]

1. Nf3 d5 2. d4 Nc6 3. b3 Bf5 4. Ba3 Nf6 5. Rg1 e6 6. e3 Bxa3 7. Nxa3 Ne4 8. Bd3 Nb4 9. Bxe4 Bxe4 10. c3 Nd3+
11. Ke2 Qd6 12. Nb5 Qc6 13. a4 a6 14. Ne5 Qb6 15. Nxd3 Bxd3+ 16. Kxd3 axb5 17. axb5 Qxb5+ 18. c4 dxc4+ 19. bxc4 Qf5+ 20. e4 Qxf2
21. Rxa8+ Ke7 22. Rf1 Qh4 23. Rxh8 Qxh2 24. Qd2 Qg3+ 25. Rf3 f5 26. e5 Qh4 27. Rh3 Qe4+ 28. Kc3 b6 29. R8xh7 Kf7 30. Rg3 Kg8
31. Rgxg7+ Kf8 32. Rxc7 Qa8 33. Rh8#
1-0

[Event "Roberto Grela in memorian"]
[Site "SchemingMind.com"]
[Date "2007.05.19"]
[Round "-"]
[White "shakazulu"]
[Black "martin_"]
[Result "1-0"]
[WhiteCountry "ESP"]
[BlackCountry "GER"]
[WhiteElo "1307"]
[WhiteRD "81"]
[BlackElo "1276"]
[BlackRD "77"]
[GameID "105656"]

1. Nf3 d5 2. d4 Nf6 3. b3 Nc6 4. Ba3 e6 5. e3 Bb4+ 6. Bxb4 Nxb4 7. Qe2 O-O 8. Ne5 Qd6 9. Nc3 Ne4 10. Nb5 Qb6
11. g3 a6 12. f3 Nf6 13. a4 axb5 14. Bh3 bxa4 15. O-O Bd7 16. c3 Nc6 17. bxa4 Nxe5 18. a5 Rxa5 19. Rab1 Qa6 20. Qxa6 bxa6
21. dxe5
1-0

[Event "Roberto Grela in memorian"]
[Site "SchemingMind.com"]
[Date "2007.05.19"]
[Round "-"]
[White "mart_r3000"]
[Black "shakazulu"]
[Result "0-1"]
[WhiteCountry "ENG"]
[BlackCountry "ESP"]
[WhiteElo "1278"]
[WhiteRD "60"]
[BlackElo "1367"]
[BlackRD "87"]
[GameID "105657"]

1. e4 Nc6 2. Nf3 e5 3. d3 Nf6 4. Bg5 h6 5. Bh4 g5 6. Bg3 d6 7. Nc3 Bg4 8. h3 Bxf3 9. Qxf3 Qd7 10. Nb5 Bg7
11. O-O-O a6 12. Nc3 Nd4 13. Qe3 d5 14. exd5 O-O-O 15. Bxe5 Nxd5 16. Qxd4 Bxe5 17. Qa7 c6 18. Na4 Bf4+ 19. Kb1 Qe7 20. Ka1 Kc7
21. d4 Nb4 22. Qb6+ Kb8 23. c4 Rhe8 24. Nc3 Nc2+ 25. Kb1 Nb4 26. c5 Nd5 27. Nxd5 Rxd5 28. Bxa6 Qe4+ 29. Ka1 Rd7 30. a3 Kc8
31. d5 bxa6 32. Qxc6+ Kd8 33. Qa8+ Ke7 34. d6+ Kf8 35. Qxa6 Ra8 36. Qb5 Raa7 37. c6 Be5 38. Ka2 Rxd6 39. Qb8+ Kg7 40. Qxa7 Rxc6
41. Qb7 Qxg2 42. Rhe1 Bf6 43. Qb3 Qxf2 44. Rb1 h5 45. Rec1 Ra6 46. Rc7 Kh6 47. Qxf7 g4 48. h4 Qf5
0-1

[Event "Roberto Grela in memorian"]
[Site "SchemingMind.com"]
[Date "2007.05.19"]
[Round "-"]
[White "Tahur"]
[Black "shakazulu"]
[Result "1-0"]
[WhiteCountry "ARG"]
[BlackCountry "ESP"]
[WhiteElo "1529"]
[WhiteRD "57"]
[BlackElo "1372"]
[BlackRD "109"]
[GameID "105658"]

1. e4 c5 2. Nf3 Nc6 3. Bb5 e5 4. Bxc6 dxc6 5. O-O g5 6. h3 Nf6 7. d3 h5 8. Bxg5 Bh6 9. Bxh6 Rxh6 10. Nxe5 Qd4
11. Nf3 Qxb2 12. Nbd2 Rg6 13. Kh1 Be6 14. a4 O-O-O 15. Rb1 Qc3 16. e5 Bxh3 17. gxh3 Ng4 18. hxg4 Rxg4 19. Rg1 Rxa4 20. Rb3 Qa5
21. Ne4 c4 22. Rc3 f5 23. exf6 cxd3 24. cxd3 h4 25. f7 h3 26. Rg8 Qc7 27. f8=Q Rxf8 28. Rxf8+ Kd7 29. Rf7+ Kc8 30. Rxc7+ Kxc7
31. Qxa4
1-0

[Event "Roberto Grela in memorian"]
[Site "SchemingMind.com"]
[Date "2007.05.19"]
[Round "-"]
[White "alejandra"]
[Black "shakazulu"]
[Result "0-1"]
[WhiteCountry "ARG"]
[BlackCountry "ESP"]
[WhiteElo "1272"]
[WhiteRD "77"]
[BlackElo "1367"]
[BlackRD "87"]
[GameID "105659"]

1. e4 Nc6 2. Bc4 Nf6 3. Nc3 e6 4. d3 g6 5. Bf4 Bg7 6. Nf3 O-O 7. Ng5 d5 8. Qf3 Nd4 9. Qd1 e5 10. Bxe5 dxc4
11. dxc4 c5 12. Qd3 Re8 13. Qg3 Nh5 14. Qe3 Bxe5 15. O-O-O Be6 16. Kb1 Bf4 17. Qd3 Bxg5 18. Nb5 a6 19. Nxd4 Bf6 20. Qe3 cxd4
21. Rxd4 Bxd4 22. Qf4 Nxf4 23. g3 Ng2 24. Rd1 Bxc4 25. c3 Qa5 26. Rxd4 Qxa2+ 27. Kc1 Qa1+ 28. Kd2 Qxb2+ 29. Kd1 Be2#
0-1

[Event "Roberto Grela in memorian"]
[Site "SchemingMind.com"]
[Date "2007.05.19"]
[Round "-"]
[White "Bacon"]
[Black "shakazulu"]
[Result "0-1"]
[WhiteCountry "BER"]
[BlackCountry "ESP"]
[WhiteElo "1015"]
[WhiteRD "83"]
[BlackElo "1372"]
[BlackRD "109"]
[GameID "105660"]

1. e4 c5 2. d4 d6 3. d5 g5 4. Bb5+ Bd7 5. Bxd7+ Nxd7 6. Nf3 g4 7. Nfd2 Ngf6 8. Nc3 Ne5 9. Nb5 e6 10. dxe6 fxe6
11. f4 Nc6 12. f5 a6 13. Nc3 Nd4 14. h3 g3 15. Ne2 Nh5 16. O-O e5 17. c3 Nxe2+ 18. Qxe2 Nf6 19. Qf3 Rg8 20. Nc4 b5
21. Nd2 h5 22. h4 c4 23. b3 d5 24. bxc4 Bc5+ 25. Kh1 dxe4 26. Qe2 e3 27. Nb3 Ba7 28. c5 Ne4 29. Bxe3 Qxh4+ 30. Kg1 Qh2#
0-1

[Event "Roberto Grela in memorian"]
[Site "SchemingMind.com"]
[Date "2007.05.19"]
[Round "-"]
[White "martin_"]
[Black "shakazulu"]
[Result "0-1"]
[WhiteCountry "GER"]
[BlackCountry "ESP"]
[WhiteElo "1442"]
[WhiteRD "61"]
[BlackElo "1367"]
[BlackRD "87"]
[GameID "105661"]

1. d4 d5 2. c4 c6 3. Nc3 g6 4. Nf3 Bg7 5. e3 Bg4 6. Be2 Bxf3 7. Bxf3 Nf6 8. O-O Na6 9. a3 O-O 10. Qb3 b6
11. cxd5 Nxd5 12. Nxd5 cxd5 13. Bxd5 Rc8 14. Bb7 Nc5 15. Bxc8 Nxb3
0-1

[Event "Roberto Grela in memorian"]
[Site "SchemingMind.com"]
[Date "2007.05.17"]
[Round "-"]
[White "XTC"]
[Black "mart_r3000"]
[Result "1-0"]
[WhiteCountry "COL"]
[BlackCountry "ENG"]
[WhiteElo "1421"]
[WhiteRD "147"]
[BlackElo "1338"]
[BlackRD "52"]
[GameID "105662"]

1. e4 e5 2. Nf3 Nc6 3. Bb5 Nf6 4. Nc3 Bb4 5. d3 d5 6. Bxc6+ bxc6 7. Nxe5 O-O 8. Nxc6 Bxc3+ 9. bxc3 Qe8 10. Nd4 dxe4
11. O-O Qe5 12. g3 Bb7 13. Bf4 Qd5 14. Bxc7 exd3 15. f3 Ng4 16. Qxd3 Ne5 17. Bxe5 Qxe5 18. Rfe1 Qd5 19. Re3 Rae8 20. Rae1 Qd7
21. Rxe8 Rxe8 22. Rxe8+ Qxe8 23. Nf5 h5 24. Nd6 Qe1+ 25. Kg2 g5 26. Nxb7 h4 27. Qd8+ Kh7 28. Qxg5 Qe2+ 29. Kh3 Qc4 30. Qxh4+ Qxh4+
31. Kxh4 Kg6 32. g4 f6 33. Nd6
1-0

[Event "Roberto Grela in memorian"]
[Site "SchemingMind.com"]
[Date "2007.05.17"]
[Round "-"]
[White "XTC"]
[Black "Tahur"]
[Result "1-0"]
[WhiteCountry "COL"]
[BlackCountry "ARG"]
[WhiteElo "1586"]
[WhiteRD "115"]
[BlackElo "1530"]
[BlackRD "58"]
[GameID "105663"]

1. e4 e5 2. Nf3 Nc6 3. Bb5 Nf6 4. Nc3 a6 5. Bxc6 dxc6 6. d3 Bb4 7. Bd2 O-O 8. O-O Bg4 9. h3 Bxf3 10. Qxf3 h6
11. a3 Bxc3 12. Bxc3 Re8 13. Rad1 b5 14. b4 Qe7 15. Ba1 c5 16. c3 cxb4 17. cxb4 Qe6 18. Qe3 Qb3 19. Qc1 Rac8 20. f3 Nh5
21. Qb2 Qxb2 22. Bxb2 c5 23. bxc5 Rxc5 24. d4 Rc2 25. Bc1 f6 26. d5 g5 27. Kh2 Rb8 28. Rd2 Rxd2 29. Bxd2 Ng7 30. Rc1 f5
31. Rc6 fxe4 32. fxe4 Rf8 33. Bc3 Rf4 34. d6 Kf8 35. Rc8+ Kf7 36. d7 Ne6 37. d8=N+ Nxd8 38. Rxd8 Rxe4 39. Rd6 Re3 40. Bb2 a5
41. Rxh6 b4 42. axb4 axb4 43. Bc1 Re2 44. Bxg5 b3 45. Rf6+ Kg7 46. Rf1 b2 47. Rb1 Kg6 48. Be7 Kf5 49. Ba3 e4 50. Bxb2 e3
51. Ba3 Ra2 52. Be7 Ke4 53. Re1 Kd3 54. Kg3 e2 55. Kf3 Rc2 56. g4 Rd2 57. g5 Rd1 58. Rxe2 Rf1+ 59. Rf2 Re1 60. Bf6 Rh1
61. Kg2 Re1 62. g6 Re8 63. h4 Kc4 64. h5 Kd5 65. h6 Ke6 66. g7 Kf7 67. Bb2+ Kg8 68. Ba3 Kh7 69. Rf8
1-0